00287nam a2200097Ia 4500008004100000245005800041245002000099260000900119650001300128856004800141171211s9999 xx 000 0 und d a80,000 Hours: Find a fulfilling career that does good cBenjamin J Todd c2016 xBUSINESS uhttp://down.ebook777.com/063/1537324004.pdf